| 000 | 00853cam a22002292 4500 | ||
|---|---|---|---|
| 001 | 0000025332 | ||
| 005 | 20151021153131.0 | ||
| 008 | 150626s xx 000 0 eng d | ||
| 040 |
_aKABU _cKABU |
||
| 100 | 1 |
_aRuttoh, Justus kipsigei. _@0000185953 |
|
| 245 | 1 | 0 |
_aFactors influencing teachers' voluntary turnover in public secondary schools in Kuresoi sub-county, Kenya / _cby Justus Kipsigei Ruttoh. |
| 260 |
_aNakuru : _bKabarak University, _c2014. |
||
| 300 | _axi, 45 p. | ||
| 650 | 0 |
_aTeacher turnover _zKenya. _@0000185954 |
|
| 650 | 0 |
_aEmployee retention _zKenya. _@0000185955 |
|
| 650 | 0 |
_aBurn out (psychology) _xPrevention. _@0000185956 |
|
| 700 | 1 |
_aWaiganjo, Maina. _@0000185896 |
|
| 700 | 1 |
_aKoima, Joel. _@0000185952 |
|
| 908 | _a150626 | ||
| 950 | _@1 | ||
| 999 |
_c1761 _d1761 |
||